Movie Titles Said in Other Movies Quiz Stats

 Plays Quiz Updated Apr 2, 2018

Score 0/20 Timer 08:00
0 Plays Today
% Correct
Need for Speed
92.8%
(the) Big Chill
89%
Absolute Power
88.6%
My Girl
87.6%
First Blood
87.3%
Hoodwinked!
85.4%
Home Alone
84.6%
War Horse
82.1%
A Few Good Men
81.8%
Get Out
79.4%
% Correct
Beauty and the Beast
77.8%
The Usual Suspects
77.2%
National Treasure
77.1%
Final Destination
73.8%
All That Jazz
72.9%
Red Dawn
68.7%
Batman & Robin
66.2%
Argo
64.1%
(the) African Queen
61.5%
Baby Mama
59.8%

You're not logged in!

Compare scores with friends on all Sporcle quizzes.
OR
Log In

Sporcle TV

Today on Sporcle TV


Watch our educational content, quiz creation guides, and fun videos on Sporcle TV.

Show Comments

Extras

Top Quizzes Today


Score Distribution

Your Account Isn't Verified!

In order to create a playlist on Sporcle, you need to verify the email address you used during registration. Go to your Sporcle Settings to finish the process.

Report this User

Report this user for behavior that violates our Community Guidelines.

Details: